Los imaginarios urbanos y el constructivismo geográfico : los hologramas espaciales /

Este artículo tiene un carácter metodológico (una particular metodología cualitativa). No obstante, también se plantea la relación entre la propuesta metodológica y una concepción teórica de tipo constructivista (un constructivismo geográfico). En la primera parte del texto se desarrolla la perspect...

Full description

Bibliographic Details
Main Author: Lindon Villoria, Alicia
Format: Analitica de revista
Language:Spanish
Published: Santiago, Chile Pontificia Universidad Católica de Chile 2007
Online Access:Acceso electrónico al documento

MARC

LEADER 00000cab a2200000 a 4500
001 033079
003 UAHC_CL
005 20170803123606.0
008 071102s cl j 000 1 spa
040 |a UAHC_CL  |c UAHC_CL  |d UAHC_CL 
100 1 |a Lindon Villoria, Alicia 
245 1 4 |a Los imaginarios urbanos y el constructivismo geográfico :  |b los hologramas espaciales /  |c Alicia Lindón. 
260 |b Pontificia Universidad Católica de Chile  |c 2007  |a Santiago, Chile 
300 |a p. 31-46 
500 |a En: EURE (Santiago), ago. 2007, vol.33, no.99, p.31-46. ISSN 0250-7161. 
510 0 |a LINDAN, Alicia. Los imaginarios urbanos y el constructivismo geográfico: los hologramas espaciales. EURE (Santiago), ago. 2007, vol.33, no.99, p.31-46. ISSN 0250-7161. 
510 0 |a LINDAN, Alicia. Los imaginarios urbanos y el constructivismo geográfico: los hologramas espaciales. EURE (Santiago), ago. 2007, vol.33, no.99, p.31-46. ISSN 0250-7161. 
520 |a Este artículo tiene un carácter metodológico (una particular metodología cualitativa). No obstante, también se plantea la relación entre la propuesta metodológica y una concepción teórica de tipo constructivista (un constructivismo geográfico). En la primera parte del texto se desarrolla la perspectiva denominada construcción social de los lugares en la ciudad. Luego, en la segunda parte se analiza la relación entre los imaginarios urbanos y la construcción social de los lugares. En la tercera parte se avanza sobre el interés central del artículo: los desafíos metodológicos de esta perspectiva constructivista particular. Para ello, se revisan las aproximaciones más frecuentes y se advierte sobre sus limitaciones. Enseguida, se plantea la estrategia metodológica propia denominada hologramas espaciales, que intenta sortear las limitaciones de las aproximaciones tradicionales aunque no por ello está libre de escollos 
520 |a Este artículo tiene un carácter metodológico (una particular metodología cualitativa). No obstante, también se plantea la relación entre la propuesta metodológica y una concepción teórica de tipo constructivista (un constructivismo geográfico). En la primera parte del texto se desarrolla la perspectiva denominada construcción social de los lugares en la ciudad. Luego, en la segunda parte se analiza la relación entre los imaginarios urbanos y la construcción social de los lugares. En la tercera parte se avanza sobre el interés central del artículo: los desafíos metodológicos de esta perspectiva constructivista particular. Para ello, se revisan las aproximaciones más frecuentes y se advierte sobre sus limitaciones. Enseguida, se plantea la estrategia metodológica propia denominada hologramas espaciales, que intenta sortear las limitaciones de las aproximaciones tradicionales aunque no por ello está libre de escollos 
759 |a PP072 
773 0 |t EURE  |w 032794 
856 |u http://www.scielo.cl/scielo.php?pid=S0250-71612007000200004&script=sci_arttext  |3 Acceso electrónico al documento  |y Acceso electrónico al documento 
856 |u http://www.scielo.cl/scielo.php?pid=S0250-71612007000200004&script=sci_arttext  |3 Acceso electrónico al documento  |y Acceso electrónico al documento 
900 |a EURE-99/07 
942 |c REVA 
952 |0 0  |1 0  |4 0  |6 EURE_99_07_000000000000000  |7 0  |8 General  |9 63568  |a BC  |b BC  |c General  |d 2017-08-03  |l 0  |o EURE-99/07  |p FICTICIO3833  |r 2019-01-08 00:00:00  |t 1  |w 2017-08-03  |y REVA 
999 |c 33079  |d 33079